| 000 | 00383nam a2200133Ia 4500 | ||
|---|---|---|---|
| 008 | 230411s9999 xx 000 0 und d | ||
| 041 | _aeng | ||
| 082 | _aCH/610.7343/GUP/MAH/B07350 | ||
| 100 |
_aGupta M C & Mahajan B K _9176312 |
||
| 245 | _aTextbook of Preventive and Social Medicine | ||
| 260 |
_bJaypee Brothers _aNew Delhi _c2003 |
||
| 300 | _a646p | ||
| 999 |
_c157482 _d157482 |
||